ՀՀ Գիտությունների ազգային ակադեմիայի հիմնարար գիտական գրադարան  =   Fundamental Scientific Library of NAS RA

Վերադարձի արահետներով : (Record no. 97794)

MARC details
000 -LEADER
fixed length control field 00713nam a2200181 u 4500
001 - CONTROL NUMBER
control field 000270502
003 - CONTROL NUMBER IDENTIFIER
control field AM-YeHGA
005 - DATE AND TIME OF LATEST TRANSACTION
control field 20250618071801.0
008 - FIXED-LENGTH DATA ELEMENTS--GENERAL INFORMATION
fixed length control field 031010s1960 ai r 000 0 arm d
040 ## - CATALOGING SOURCE
Original cataloging agency AM-YeHGA
090 ## - LOCALLY ASSIGNED LC-TYPE CALL NUMBER (OCLC); LOCAL CALL NUMBER (RLIN)
-- 99101
100 1# - MAIN ENTRY--PERSONAL NAME
Personal name Սահինյան, Անահիտ Արամի,
Dates associated with a name 1917-2010
9 (RLIN) 2337
245 10 - TITLE STATEMENT
Title Վերադարձի արահետներով :
Remainder of title [Ակնարկներ] /
Statement of responsibility, etc. Ա.Ա. Սահինյան; Խմբ.՝ Ս.Հ.Ումառյան.
260 ## - PUBLICATION, DISTRIBUTION, ETC.
Place of publication, distribution, etc. Երևան :
Name of publisher, distributor, etc. Հայպետհրատ,
Date of publication, distribution, etc. 1960.
300 ## - PHYSICAL DESCRIPTION
Extent 346 էջ ;
Dimensions 17 սմ.
650 14 - SUBJECT ADDED ENTRY--TOPICAL TERM
Topical term or geographic name entry element Հայ գրականություն
General subdivision Ակնարկ
9 (RLIN) 4573
700 1# - ADDED ENTRY--PERSONAL NAME
Personal name Ումառյան, Սերգեյ Հովհաննեսի,
Dates associated with a name 1920-1995
Relator term խմբ.
Relationship edt
9 (RLIN) 2472
Holdings
Withdrawn status Lost status Damaged status Not for loan Collection Home library Current library Date acquired Total checkouts Full call number Barcode Date last seen Cost, replacement price Price effective from Koha item type Public note
        General Fundamental Scientific Library Fundamental Scientific Library 22/12/2016   AI/699 FL0034300 22/12/2016 3.00 22/12/2016 Գրքեր / Books 30 Days Loan
        General Fundamental Scientific Library Fundamental Scientific Library 22/12/2016   AI/700 FL0034301 22/12/2016 3.00 22/12/2016 Գրքեր / Books 30 Days Loan


ՀՀ ԳԱԱ հիմնարար գիտական գրադարան
ՀՀ,Երևան 0019
Մարշալ Բաղրամյան 24/6
հեռախոս:(374-10) 52-47-50
Հետադարձ կապ

All site content, except where otherwise noted, is licensed under a
Creative Commons License